| 000 | 00474nam a2200169Ia 4500 | ||
|---|---|---|---|
| 005 | 20240528022149.0 | ||
| 008 | 240331s9999 xx 000 0 und d | ||
| 020 | _a9053832548 | ||
| 082 |
_bABE _a338.549 |
||
| 100 | _aAbeyratne, Sirimal | ||
| 245 | 0 |
_aAnti-export bias in the'export - oriented' economy of Sri Lanka _cSirimal, Abeyratne |
|
| 260 |
_aAmsterdam _bVU University Press _c1993 |
||
| 300 | _axiv, 205 p ., | ||
| 650 | _aEconomy | ||
| 650 | _aSocial | ||
| 942 | _cL | ||
| 999 |
_c2754 _d2754 |
||